| 000 | 00346nam a2200145Ia 4500 | ||
|---|---|---|---|
| 005 | 20251222140053.0 | ||
| 008 | 251222s1900||||xx |||||||||||||| ||spa|| | ||
| 020 | _a842201162X | ||
| 082 | _a232.908/B61 | ||
| 100 | _aBlanquet, J.M. | ||
| 245 | 0 | _aJosé Mayanet: | |
| 250 | _a1ra. ed. | ||
| 264 | _bBiblioteca de Autores Cristianos | ||
| 942 | _cLIB | ||
| 999 |
_c3661 _d3661 |
||